Indonesia : CPSS Core Principles for Systemically Important Payment Systems.

This paper presents key findings of the Financial Sector Assessment Program for Indonesia. The program covers Bank Indonesia's real-time gross settlement (BI-RTGS) system's observance of the Committee on Payment and Settlement Systems (CPSS) core principles for systemically important payme...

Täydet tiedot

Bibliografiset tiedot
Yhteisötekijä: International Monetary Fund
Aineistotyyppi: Aikakauslehti
Kieli:English
Julkaistu: Washington, D.C. : International Monetary Fund, 2012.
Sarja:IMF Staff Country Reports; Country Report ; No. 2012/187
Linkit:Full text available on IMF
LEADER 01640cas a2200241 a 4500
001 AALejournalIMF012005
008 230101c9999 xx r poo 0 0eng d
020 |c 5.00 USD 
020 |z 9781475504934 
022 |a 1934-7685 
040 |a BD-DhAAL  |c BD-DhAAL 
110 2 |a International Monetary Fund. 
245 1 0 |a Indonesia :   |b CPSS Core Principles for Systemically Important Payment Systems. 
264 1 |a Washington, D.C. :  |b International Monetary Fund,  |c 2012. 
300 |a 1 online resource (28 pages) 
490 1 |a IMF Staff Country Reports 
500 |a <strong>Off-Campus Access:</strong> No User ID or Password Required 
500 |a <strong>On-Campus Access:</strong> No User ID or Password Required 
506 |a Electronic access restricted to authorized BRAC University faculty, staff and students 
520 3 |a This paper presents key findings of the Financial Sector Assessment Program for Indonesia. The program covers Bank Indonesia's real-time gross settlement (BI-RTGS) system's observance of the Committee on Payment and Settlement Systems (CPSS) core principles for systemically important payment systems (SIPS). The assessment reveals that the legal foundation for payment systems in Indonesia is generally sound with explicit provisions for the central bank's involvement in payment systems. The BI-RTGS generally functions well and is recognized as the only SIPS in Indonesia. 
538 |a Mode of access: Internet 
830 0 |a IMF Staff Country Reports; Country Report ;  |v No. 2012/187 
856 4 0 |z Full text available on IMF  |u http://elibrary.imf.org/view/journals/002/2012/187/002.2012.issue-187-en.xml  |z IMF e-Library